El arbitraje internacional en la práctica convencional española (Record no. 24456)

MARC details
000 -LEADER
campo de control de longitud fija 00766nam a2200205 i 4500
001 - NÚMERO DE CONTROL
campo de control 24456
003 - IDENTIFICADOR DE NÚMERO DE CONTROL
campo de control ES-MaACL
005 - FECHA Y HORA DE LA ÚLTIMA TRANSACCIÓN
campo de control 20250908233045.0
007 - CAMPO FIJO DE DESCRIPCIÓN FÍSICA--INFORMACIÓN GENERAL
campo de control de longitud fija t|
008 - DATOS DE LONGITUD FIJA--INFORMACIÓN GENERAL
campo de control de longitud fija 021217s1982 sp ||||1| spa d
100 1# - ENTRADA PRINCIPAL--NOMBRE DE PERSONA
Nombre de persona Andrés Sáenz de Santa María, Paz.
9 (RLIN) 125669
245 13 - MENCIÓN DEL TÍTULO
Título El arbitraje internacional en la práctica convencional española
Resto del título : (1794-1978) /
Mención de responsabilidad, etc. M. Paz Andrés Sènz de Santamaría ; prólogo de Julio D. González Campos.
260 ## - PUBLICACIÓN, DISTRIBUCIÓN, ETC.
Lugar de publicación, distribución, etc. Oviedo :
Nombre del editor, distribuidor, etc. Universidad,
Fecha de publicación, distribución, etc. 1982.
300 ## - DESCRIPCIÓN FÍSICA
Extensión XVI, 365 p. ;
Dimensiones 24 cm.
650 04 - PUNTO DE ACCESO ADICIONAL DE MATERIA--TÉRMINO DE MATERIA
Término de materia o nombre geográfico como elemento de entrada Arbitraje internacional.
9 (RLIN) 9934
651 #4 - PUNTO DE ACCESO ADICIONAL DE MATERIA--NOMBRE GEOGRÁFICO
Nombre geográfico España-
Subdivisión general Política exterior-
-- Historia.
9 (RLIN) 8427
700 1# - ENTRADA AGREGADA--NOMBRE PERSONAL
Nombre de persona González Campos, Julio D.,
Fechas asociadas al nombre 1932-2007
9 (RLIN) 58489
852 ## - LOCALIZACIÓN
Ubicación ES-MaACL
Número de control de estantería L-1916
Sublocalización o colección R.103016
Holdings
Estatus retirado Estado de pérdida Estado de daño No para préstamo Biblioteca de origen Biblioteca actual Ubicación en estantería Fecha de adquisición Fuente de adquisición Total de préstamos Signatura topográfica completa Código de barras Visto por última vez Precio de reemplazo Tipo de ítem Koha
        Biblioteca del Ateneo de Madrid Biblioteca del Ateneo de Madrid Depósito 2 17/01/2008     L-1916 1025216 23/02/2023 23/02/2023 Libro impreso